书目信息

书名: 一本书读懂元宇宙 
作者: 徐淼
出版信息: 北京   中华工商联合出版社  2022.5
开本页数: 24cm  205页
丛书名:
单 册:
中图分类: F
科图分类:
主题词: 信息经济--xin xi jing ji--通俗读物
电子资源:
ISBN: 978-7-5158-3390-3
000 01345nam0 2200253 450
001 012022001164
005 20220531134835.7
010    @a978-7-5158-3390-3@dCNY58.00
100    @a20220531d2022 em y0chiy50 ea
101 @achi
102    @aCN@b110000
105    @ay a 000yy
106    @ar
200 @a一本书读懂元宇宙@Ayi ben shu du dong yuan yu zhou@f徐淼著
210    @a北京@c中华工商联合出版社@d2022.5
215    @a205页@d24cm
314    @a徐淼, 中国人民大学经济学硕士, 曾任北京大学、清华大学、红杉资本、中国平安、中国移动等机构和公司特聘培训师。
320    @a有书目 (第204-205页)
330    @a元宇宙这个词没出现之前, 新型的视觉、传感、算法、网络、区块链等技术早已应用在不同领域, 扎克伯格作为技术第一性的理解者, 敏锐捕捉到了视觉技术集成其他新型技术可能带来的新生态, 从而彻底引爆了元宇宙概念。从技术来看, 元宇宙从概念出现时, 就已经在很多领域实际应用。目前的元宇宙概念, 主要是指针对普通用户的视觉型产品, 元宇宙这方面正在进行着底层意识的市场培育。此书从元宇宙的基本定义入手, 介绍了元宇宙的发展脉络、发展要点。核心属性、发展新课题、底层技术、宏观层次、必备要素、投资逻辑、支付逻辑、数字逻辑等, 要点突出, 易于理解, 是一本学习元宇宙的入门级读本。
606 @a信息经济@Axin xi jing ji@j通俗读物
690    @aF@v5
701  0 @a徐淼@Axu miao@4著
801  0 @aCN@bCDNYKJZYXY@c20220531
905    @aCDNYKJZYXY@b300667134-6@dF@e1790@f3
    
    一本书读懂元宇宙/徐淼著.-北京:中华工商联合出版社,2022.5
    205页;24cm
    
    
    ISBN 978-7-5158-3390-3:CNY58.00
    元宇宙这个词没出现之前, 新型的视觉、传感、算法、网络、区块链等技术早已应用在不同领域, 扎克伯格作为技术第一性的理解者, 敏锐捕捉到了视觉技术集成其他新型技术可能带来的新生态, 从而彻底引爆了元宇宙概念。从技术来看, 元宇宙从概念出现时, 就已经在很多领域实际应用。目前的元宇宙概念, 主要是指针对普通用户的视觉型产品, 元宇宙这方面正在进行着底层意识的市场培育。此书从元宇宙的基本定义入手, 介绍了元宇宙的发展脉络、发展要点。核心属性、发展新课题、底层技术、宏观层次、必备要素、投资逻辑、支付逻辑、数字逻辑等, 要点突出, 易于理解, 是一本学习元宇宙的入门级读本。
相关链接 在五车中查询图书 在当当中查询图书 在豆瓣中查询图书


正题名:一本书读懂元宇宙     索取号:F/1790         预约/预借

序号 登录号 条形码 馆藏地/架位号 状态 备注
1 667134   300667134   柳城-5楼/1架1列1层/ [索取号:F/1790] 在馆    
2 667135   300667135   柳城-5楼/1架1列1层/ [索取号:F/1790] 在馆    
3 667136   300667136   柳城-5楼/1架1列1层/ [索取号:F/1790] 在馆